| 000 | 00402nam a22001577a 4500 | ||
|---|---|---|---|
| 020 | _a978-93-83876-34-1 | ||
| 082 |
_a823 _bAMR/D |
||
| 100 | _aTHE DONKEY AND THE GOAT | ||
| 245 |
_aTHE DONKEY AND THE GOAT _bSHORT STORY |
||
| 246 |
_aTHE DONKEY AND THE GOAT _bSHORT STORY |
||
| 260 |
_aTHRISSUR _bH & C PUBLISHING HOSE |
||
| 300 | _a48 | ||
| 520 | _aSHORT STORY | ||
| 650 | _aSHORT STORY | ||
| 942 | _cBK | ||
| 999 |
_c2686 _d2686 |
||